Snell's Equity / (Record no. 205)
[ view plain ]
| 000 -LEADER | |
|---|---|
| fixed length control field | 00544nam a22001577a 4500 |
| 008 - FIXED-LENGTH DATA ELEMENTS--GENERAL INFORMATION | |
| fixed length control field | 110409t xxu||||| |||| 00| 0 eng d |
| 020 ## - INTERNATIONAL STANDARD BOOK NUMBER | |
| International Standard Book Number | 9780414041813 |
| 082 ## - DEWEY DECIMAL CLASSIFICATION NUMBER | |
| Edition number | 22 |
| Classification number | 346.05 MCG |
| 245 ## - TITLE STATEMENT | |
| Title | Snell's Equity / |
| Remainder of title | fifth spplement to the thirty- First Edition |
| Statement of responsibility, etc | General editor, John Mcghee; contributors, Mthew Conaglen... [ et al] |
| 260 ## - PUBLICATION, DISTRIBUTION, ETC. (IMPRINT) | |
| Place of publication, distribution, etc | England; Wales : |
| Name of publisher, distributor, etc | Thomson Reuters , |
| Date of publication, distribution, etc | 2009 |
| 300 ## - PHYSICAL DESCRIPTION | |
| Extent | xxiv, 139 |
| Dimensions | 24 cm |
| 440 ## - SERIES STATEMENT/ADDED ENTRY--TITLE | |
| Title | Trusts, Wills and Probate Library |
| 9 (RLIN) | 593 |
| 500 ## - GENERAL NOTE | |
| General note | includes index |
| 690 ## - LOCAL SUBJECT ADDED ENTRY--TOPICAL TERM (OCLC, RLIN) | |
| Topical term or geographic name as entry element | Equity |
| 9 (RLIN) | 602 |
| 942 ## - ADDED ENTRY ELEMENTS (KOHA) | |
| Source of classification or shelving scheme | Dewey Decimal Classification |
| Item type | Books |
| Withdrawn status | Lost status | Source of classification or shelving scheme | Damaged status | Not for loan | Home library | Current library | Shelving location | Date acquired | Total Checkouts | Full call number | Barcode | Date last seen | Price effective from | Koha item type |
|---|---|---|---|---|---|---|---|---|---|---|---|---|---|---|
| Dewey Decimal Classification | Law Development Centre Main Library | Law Development Centre Main Library | Text Books and Laws | 04/09/2011 | 346.05 MCG | 010/216 | 04/09/2011 | 04/09/2011 | Books |
